00665nam a2200181 i 450000100060000000300090000600500170001500700030003200800410003510000320007624500980010826000360020630000220024270000480026485200320031299900170034495201220036131346ES-MaACL20230906154350.0t|030129s1968 sp ||||1| spa d1 aBaudelaire, Charles.92651314aLos paraísos artificiales / cCharles Baudelaire ; traducción de Pedro González-Blanco. aValencia : bPrometeo, c[1968] a201 p. ; c19 cm.1 aGonzález-Blanco, Pedro,d1879-1961958466 aES-MaACLjC-49103 bR.82033 c31346d31346 00104070aATENEOMbATENEOMcDEPO2d2008-01-17eSCl0oC-49103p1032393r2023-02-23 00:00:00w2023-02-23yMONOGRAFIA